Statistics for All Super Bowl winners

Click here to take the quiz!

General Stats

  • This quiz has been taken 75 times
  • The average score is 48 of 51

Answer Stats

Winner scoreLoser scoreLoserYearWinner% Correct
3920broncos1987giants
98%
2117patriots2012giants
98%
1714patriots2008giants
98%
2019bills1991giants
98%
3510Chiefs1967Packers
98%
3125steelers2011packers
98%
3521patriots1997packers
98%
3314Raiders1968Packers
98%
2824seahawks2015patriots
98%
2421eagles2005patriots
98%
3229panthers2004patriots
98%
2017rams2002patriots
98%
3229falcons2017patriots
98%
438broncos2014seahawks
98%
4610patriots1986bears
97%
3119falcons1999broncos
97%
2410panthers2016broncos
97%
3424Packers1998broncos
97%
3013bills1994cowboys
97%
243dolphins1972cowboys
97%
2710broncos1978cowboys
97%
2717steelers1996cowboys
97%
5217bills1993cowboys
97%
2723cardinals2009steelers
97%
2110seahawks2006steelers
97%
166vikings1975steelers
97%
2117Cowboys1976steelers
97%
3119rams1980steelers
97%
3531cowboys1979steelers
97%
1613Cowboys1971Colts
95%
2917bears2007colts
95%
2316titans2000rams
95%
4210broncos1988redskins
95%
2717dolphins1983redskins
95%
3724bills1992redskins
95%
3816dolphins198549ers
94%
2016bengals198949ers
94%
5510broncos199049ers
94%
2621bengals198249ers
94%
4926chargers199549ers
94%
247vikings1974dolphins
94%
147redskins1973dolphins
94%
347giants2001ravens
92%
343149ers2013ravens
92%
167Colts1969Jets
90%
3214vikings1977raiders
87%
2710eagles1981raiders
87%
389redskins1984raiders
87%
3117colts2010saints
86%
4821raiders2003buccaneers
84%
237Vikings1970Chiefs
83%

Score Distribution

Percentile by Number Answered

Percent of People with Each Score

Your Score History

You have not taken this quiz